000 01540cam a2200349 a 4500
001 EDZ0000071549
003 StDuBDS
005 20161031105132.0
006 m||||||||d||||||||
007 cr |||||||||||
008 120405s2004 caua fo| 001|0|eng d
020 _a9781452204543 (ebook) :
_cNo price
040 _aStDuBDS
_beng
_cStDuBDS
_epn
049 _aAlfaisal Main Library
050 0 _aHD62.5
_b.H3584 2004
082 0 4 _a658.11
_223
245 0 0 _aHandbook of entrepreneurial dynamics
_h[electronic resource] :
_bthe process of business creation /
_ceditors, William B. Gartner ... [et al.].
260 _aThousand Oaks ;
_aLondon :
_bSAGE,
_cc2004.
300 _a1 online resource (xxvii, 575 p.) :
_bill.
504 _aIncludes bibliographical references and indexes.
520 8 _a'The Handbook of Entrepreneurial Dynamics' provides an important forum for scholars to generate new theory, identify promising research directions, & present important insights to a very wide audience of scholars in entrepreneurship.
521 _aSpecialized.
588 _aDescription based on print version record.
650 0 _aNew business enterprises
_vHandbooks, manuals, etc.
650 0 _aEntrepreneurship
_vHandbooks, manuals, etc.
655 7 _aElectronic books.
_2local
700 1 _aGartner, William B.
710 2 _aSage eBooks
776 0 8 _iPrint version :
_z9780761927587
856 4 0 _uhttp://ezproxy.alfaisal.edu/login?url=http://sk.sagepub.com/reference/handbook-of-entrepreneurial-dynamics
942 _2lcc
_cEBOOKS
999 _c480061
_d480061